| 000 | 01134nac a22003257a 4500 | ||
|---|---|---|---|
| 001 | BR7400965 | ||
| 003 | BR-BrBNA | ||
| 005 | 20240105113749.0 | ||
| 008 | 230509b bl.|||m| |||| 00| 0 por d | ||
| 040 |
_aBR-BrBNA _bpor _cBiblioteca Nacional de Agricultura |
||
| 072 | _aF25 | ||
| 090 | _a0430 BR7400965 | ||
| 100 | 1 | _aLaroche, F.A. | |
| 100 | 1 | _aLucas, A. de F. | |
| 100 | 1 | _aOliveira, A.A. de | |
| 100 | 1 | _aBandeira, E. de V. | |
| 100 | 1 | _aSantos Filho, D.C. dos | |
| 110 | 1 | _aSuperintendencia do Desenvolvimento do Nordeste, Recife, PE (Brasil). Depto. de Agricultura e Abastecimento | |
| 245 | 1 | _aExperimento de fertilidade em solos de tabuleiros. Resultados dos efeitos de calagem e adubacao com a cultura do algodao herbaceo (Gossypium hirsutum var. latifolium)[Brasil] | |
| 260 | 3 |
_aRecife, PE (Brasil): _c1967. |
|
| 300 | _a16 p. | ||
| 490 |
_aBrasil. Sudene. Agricultura (Brazil) _vno. 8 _x |
||
| 650 | _aALGODAO HERBACEO | ||
| 650 | _aCALAGEM | ||
| 650 | _aADUBACAO | ||
| 650 | _aRENDIMENTO | ||
| 650 | _aREGIAO NORDESTE | ||
| 909 |
_a202312 _bLúcia Elande _c55 _dLúcia Elande |
||
| 942 |
_2AGRIS _n0 _cMS |
||
| 999 |
_c265427 _d265427 |
||